000 00806nam a2200217Ia 4500
001 9255
003 GE_BSU
008 181216s||||||||xx |||||||||||||| ||und||
040 _cGE_BSU
080 _a621.311.22
100 _aЛачинов,Н.В.
245 _aРемонт оборудования парогенераторного цеха с пылеприготовлением и топливоподачей.
245 _bУчеб. пособие.
245 _cРед.А.М.Мокрецов.
260 _aМ.
260 _bВысш. школа.
260 _c1976.
300 _a256 стр. илл. 22см.
653 _aРемонт оборудования парогенераторного цеха с пылеприготовлением и топливоподачей.
942 _cBK
999 _c42556
_d42556